[Event "Floripa Chess Open 2024"]
[Site "Florianopolis"]
[Date "2024.01.23"]
[Round "5.35"]
[White "Tomiello, Mateus Costamilan"]
[Black "Oliveira, Tiago Batista"]
[Result "1/2-1/2"]
[WhiteElo "2151"]
[BlackElo "1953"]
[PlyCount "59"]
[EventDate "2024.01.20"]
[EventRounds "10"]
[EventCountry "BRA"]

1. c4 c5 2. Nc3 Nc6 3. g3 Nf6 4. Bg2 e6 5. Nf3 d5 6. cxd5 Nxd5 7. O-O Nc7 8. d3
Be7 9. Be3 e5 10. Rc1 Ne6 ({RR} 10... O-O 11. Na4 b6 12. b4 e4 13. bxc5 b5 14.
Nd2 bxa4 15. Qxa4 Ne5 16. Nxe4 Bd7 17. Qc2 Bc6 18. d4 Ng4 19. Ng5 Bxg5 20. Bxg5
Qxg5 21. Bxc6 Qh6 22. h3 Qxh3 23. Rfd1 Qh2+ 24. Kf1 Qxf2# {0-1 (24) Holly,A  
(2174)-Briestensky,R (2288) Slovakia SVK 2023}) 11. Na4 Qa5 12. Nd2 Bd7 $146 ({
RR} 12... Qb5 13. Nc4 f6 14. Na3 Qa5 15. Bxc6+ bxc6 16. Qc2 Rb8 17. b3 Nd4 18.
Qd1 Bh3 19. Re1 O-O 20. Bd2 Qa6 21. Nc4 h5 22. f3 Qc8 23. e3 Ne6 24. Bc3 Qe8
25. Qe2 Qg6 26. Nd2 Rbd8 27. Ne4 {Kortschnoj,V-Byvshev,V Moscow (Russia) 1952
1-0 (57)}) 13. Nxc5 Nxc5 14. Bxc5 Bxc5 15. Nb3 Bxf2+ 16. Rxf2 Qb6 17. Nc5 Rd8
18. Bd5 O-O 19. Qb3 Be8 20. e4 Qxb3 21. axb3 b6 22. Nb7 Rb8 23. Rxc6 Rxb7 24.
Rc3 Re7 25. Rfc2 Bb5 26. Kf2 g6 27. Ke3 Kg7 28. Rc7 Rfe8 29. g4 h6 30. d4
1/2-1/2

[Event "Floripa Chess Open 2024"]
[Site "Florianopolis"]
[Date "2024.01.23"]
[Round "5.36"]
[White "Rekik, Ismail"]
[Black "Nemeth Junior, Henrique"]
[Result "0-1"]
[WhiteElo "1919"]
[BlackElo "2147"]
[PlyCount "64"]
[EventDate "2024.01.20"]
[EventRounds "10"]
[EventCountry "BRA"]

1. c4 e6 2. Nc3 d5 3. cxd5 exd5 4. d4 c6 5. Bf4 Bd6 6. Bg3 Ne7 7. e3 O-O ({RR} 
7... Nf5 8. Bxd6 Nxd6 9. Bd3 Bf5 10. Bxf5 Nxf5 11. Qg4 g6 12. e4 ({RR} 12. h4
h5 13. Qf4 Qd6 14. Nge2 Nd7 15. Qxd6 Nxd6 16. Nf4 Nf6 17. Nd3 Nfe4 18. Rc1 Nxc3
19. Rxc3 f6 20. O-O Kf7 21. Rfc1 Rhe8 22. Nc5 Re7 23. g3 Rc8) 12... dxe4 13.
Qxe4+ Ne7 14. h4 O-O 15. h5 Nd5 16. Nge2 Re8 17. Qf3 Qf6 18. hxg6 fxg6 19. Qh3
Qf7 20. O-O-O Nd7 21. Nxd5 cxd5 22. Nc3 {Andreikin,D (2736)-Harikrishna,P  
(2766) Wijk aan Zee 2017 1/2-1/2 (43)}) 8. Bd3 ({RR} 8. Nf3 Bg4 9. Qb3 Bxf3 10.
gxf3 b5 11. a4 b4 12. Ne2 a5 13. Rc1 Na6 14. Bh3 c5 15. dxc5 Nxc5 16. Qd1 b3
17. O-O Rb8 18. Nc3 Bxg3 19. hxg3 Rb4 20. Nxd5 Nxd5 21. Rxc5 Nb6 22. Rxa5 Nxa4)
8... Bf5 9. Nf3 Re8 ({RR} 9... f6 10. Bxf5 Nxf5 11. Qd3 Qd7 12. Bxd6 Nxd6 13.
h4 Re8 14. Nd2 Na6 15. a3 Qg4 16. Qe2 Qe6 17. O-O-O c5 18. Nb3 Rac8 19. dxc5
Nxc5 20. Nd4 Qf7 21. Kb1 Nc4 22. Nf5 Red8 23. Ka2 d4 24. exd4 {Brown,R (1710)
-Principe,G (2213) chess.com INT 2023 0-1 (32)}) 10. Qc2 $146 ({RR} 10. Bxd6
Qxd6 11. Bxf5 Nxf5 12. Qd3 Ne7 13. O-O Nd7 14. Rab1 a5 15. Ne2 g6 16. Nd2 Nf5
17. Rbe1 Re7 18. e4 dxe4 19. Nxe4 Qc7 20. N2c3 Nd6 21. Qg3 Rae8 22. Re3 Nb5 23.
Nxb5 Qxg3 24. Rxg3 cxb5 {Leitao,R (2295)-Toth,C (2420) Merida 1993 1/2-1/2 (47)
}) ({RR} 10. Nh4 Bxd3 11. Qxd3 a5 12. Nf5 Nxf5 13. Qxf5 a4 14. a3 Bf8 15. O-O
Nd7 16. Qc2 b5 17. Ne2 Rc8 18. Nf4 Nb6 19. Nd3 Nc4 20. Ne5 Na5 21. Rad1 f6 22.
Nf3 Nc4 23. Nd2 Qa5 24. Nxc4 bxc4 {Butti,E (2100)-Morovic Fernandez,I (2551)
Asuncion 2009 0-1}) 10... Bxd3 11. Qxd3 Na6 12. O-O Nb4 13. Qb1 Bxg3 14. hxg3
a5 15. a3 Na6 16. b4 axb4 17. axb4 Nc7 18. b5 Ne6 19. Qb4 Nf5 20. bxc6 bxc6 21.
Rxa8 Qxa8 22. Rb1 f6 23. Na4 h5 24. Nh4 Nh6 25. Rc1 Ng5 26. Nc5 Rb8 27. Qc3 Qa2
28. f3 Rb1 29. Rxb1 Qxb1+ 30. Kh2 Ngf7 31. Ng6 Ng4+ 32. fxg4 Nh6 0-1

[Event "Floripa Chess Open 2024"]
[Site "Florianopolis"]
[Date "2024.01.23"]
[Round "5.37"]
[White "Jordao Barbosa, Marcio"]
[Black "Lutz, Igor Oscar"]
[Result "1-0"]
[WhiteElo "2146"]
[BlackElo "1947"]
[PlyCount "97"]
[EventDate "2024.01.20"]
[EventRounds "10"]
[EventCountry "BRA"]

1. e4 {Anand,V} c5 2. Nf3 Nc6 3. d4 cxd4 4. Nxd4 Nf6 5. Nc3 d6 6. Bg5 e6 7. Qd2
Be7 8. O-O-O O-O 9. f4 Nxd4 10. Qxd4 Qa5 11. Bc4 Bd7 12. e5 dxe5 13. fxe5 Bc6
14. Rhe1 ({RR} 14. Bxf6 gxf6 15. Bd5 ({RR} 15. Nd5 Bxd5 ({RR} 15... exd5 16.
exf6 Bxf6 17. Qxf6 dxc4 18. Rd4 h5 19. Rhd1 Rae8 ({RR} 19... Rfe8 20. Rf4) 20.
Rd5) 16. exf6 Bxf6 17. Qxf6 Bxc4 18. Rd4 Be2 19. Re4 Bh5 20. Re5 Qxa2 21. Rxh5
Rfd8 ({RR} 21... Qa1+ 22. Kd2 Rfd8+ 23. Kc3 Qxh1 24. Rg5+ Kf8 25. Rg7 Rac8+ ({
RR} 25... Qe1+ 26. Kb3) 26. Kb3 Rd7 27. Qg5 Rd3+) 22. Qg5+ Kf8 23. Qc5+ Ke8 24.
Qa3) 15... f5 ({RR} 15... fxe5 16. Qxe5 h6 17. h4 exd5 18. Qxe7 ({RR} 18. Rd3
Rfe8)) ({RR} 15... Kh8 16. Bxc6 ({RR} 16. exf6 Bc5 17. Qg4 Rg8) 16... bxc6 ({RR
} 16... fxe5 17. Qa4) 17. exf6 Qg5+ 18. Qd2 Bxf6 19. Ne4 Qxd2+ 20. Rxd2) ({RR} 
15... Qb6 16. Bxc6 Qxd4 17. Rxd4 bxc6 ({RR} 17... fxe5 18. Rg4+) 18. Rd7) 16.
Bxc6 bxc6 17. g4 Bg5+ ({RR} 17... Rad8 18. Qf4 ({RR} 18. Qe3 Rxd1+ 19. Rxd1
fxg4 20. Rg1 h5) 18... Qxc3 19. Rxd8 ({RR} 19. gxf5 Qb4 20. Qg3+ Kh8 21. f6 Rg8
22. fxe7 Qxe7) ({RR} 19. bxc3 Ba3+ 20. Kb1 Rb8+) 19... Rxd8 20. bxc3 Ba3+ 21.
Kb1 Rb8+ 22. Ka1 Bb2+ 23. Kb1 Ba3+) ({RR} 17... Rab8 18. gxf5 Ba3 19. Na4) 18.
Kb1 Rad8 ({RR} 18... Rab8 19. gxf5 Rb4 20. Qg1 ({RR} 20. Qd3) 20... Rxb2+ 21.
Ka1 h6) 19. Qc4 Rxd1+ 20. Rxd1 Qxe5 21. gxf5 exf5 ({RR} 21... Qxf5 22. Qxc6 Bf6
23. Ne4 Bg7 24. c3) 22. Qxc6 ({RR} 22. Rg1 Qe3) 22... Rb8 ({RR} 22... Qxh2 23.
Qc5 Rd8) 23. Qg2 ({RR} 23. a3 Bf6 ({RR} 23... h6) 24. Rd5 Qe1+ ({RR} 24... Qxc3
25. Rd8+ Kg7 26. Qg2+ Kh6 27. Rxb8) 25. Rd1 ({RR} 25. Ka2 Qe6) 25... Rxb2+ 26.
Kxb2 Bxc3+ 27. Kc1 Bb2+ 28. Kxb2 Qxd1 29. Qc8+ Kg7 30. Qxf5) 23... h6 24. Ka1 (
{RR} 24. a3 Kh8 25. Ka2) ({RR} 24. h4 Qxc3 25. b3 ({RR} 25. Rd8+ Kg7) 25... Qf6
({RR} 25... Qe3) 26. Rg1 ({RR} 26. hxg5 hxg5) 26... Kg7 27. hxg5 hxg5 28. Qxg5+
Qxg5 29. Rxg5+ Kf6) 24... Kh8 ({RR} 24... Kh7) 25. a3 f4 ({RR} 25... Bf6) 26.
Qh3 Qf6 27. Rd3 ({RR} 27. Qf3 Qb6 28. Na4 Qe3) 27... Qb6 28. b3 ({RR} 28. Nd1
Rd8) 28... Re8 {Polgar,J (2630)-Kramnik,V (2710) Linares 1994 CBM 040 [Anand,V]
0-1 (45) RR} 29. Kb2) ({RR} 14. Bh4 Rad8 15. Qf4 Nh5 16. Qg4 Bxh4 17. Qxh5
Rxd1+ 18. Rxd1 Be7 19. Bd3 g6 20. Qe2 Bb4 21. Ne4 Qxe5 22. c3 Be7 23. Rf1 f5
24. Ng3 Qxe2 25. Nxe2 Bxg2 26. Re1 e5 27. Bc4+ Kg7 28. Nf4 Bg5 {Jaiveer,M  
(2294)-Szpar,M (2485) chess.com INT 2023 0-1}) 14... Rad8 15. Qh4 Rxd1+ 16.
Nxd1 $146 ({RR} 16. Kxd1 h6 17. Bxf6 gxf6 18. Re3 Rd8+ 19. Bd3 Qc5 20. Qxh6 {
1-0 (20) Strbac,M (2213)-Klasan,V (2132) Belgrade 2003}) 16... Nd5 17. Bxe7
Nxe7 18. Nc3 Ng6 19. Qg3 b5 20. Bb3 b4 21. Nd1 Bd5 22. Bxd5 Qxd5 23. b3 Rd8 24.
Nb2 Qd2+ 25. Kb1 Rc8 26. Nc4 Qd4 27. Qf3 Qc5 28. Qe4 Qc6 29. Qxc6 Rxc6 30. Rd1
Rc7 31. Rd8+ Nf8 32. Rb8 g6 33. Kb2 Kg7 34. Rxb4 Nd7 35. Rb5 g5 36. a4 h5 37.
a5 Kg6 38. Ka3 Nc5 39. Nd6 g4 40. b4 Nd7 41. c4 Kg5 42. g3 a6 43. Rb6 Nxe5 44.
Rxa6 h4 45. b5 h3 46. b6 Nxc4+ 47. Nxc4 Rxc4 48. b7 Rc3+ 49. Kb4 1-0

[Event "Floripa Chess Open 2024"]
[Site "Florianopolis"]
[Date "2024.01.23"]
[Round "5.38"]
[White "Starke, Bruno Orlando"]
[Black "Kim, Thiago"]
[Result "1-0"]
[WhiteElo "2145"]
[BlackElo "1944"]
[PlyCount "97"]
[EventDate "2024.01.20"]
[EventRounds "10"]
[EventCountry "BRA"]

1. d4 Nf6 2. Nf3 g6 3. c4 Bg7 4. g3 O-O 5. Bg2 d5 6. cxd5 Nxd5 7. O-O Nb6 8.
Nc3 a5 ({RR} 8... N8d7 9. e4 e5 10. d5 c6 11. dxc6 bxc6 12. Qd6 Qf6 13. Rd1
Qxd6 14. Rxd6 Bb7 15. b3 Rfd8 16. Bg5 f6 17. Be3 Bf8 18. Rdd1 Nc5 19. Bf1 Kf7
20. Be2 Ne6 21. a4 c5 22. a5 Nd7 23. Bc4 {Kishore,K (1848)-Suhaas,A (1574)
Hyderabad IND 2023 0-1 (87)}) 9. e3 ({RR} 9. Bf4 Na6 10. Rc1 c6 11. e3 Nb4 12.
e4 Bg4 13. a3 Na6 14. Ne2 a4 15. h3 Bxf3 16. Bxf3 e6 17. Qc2 Nc7 18. Rfd1 Nb5
19. Be3 Nd6 20. Qd3 f5 21. e5 Nb5 22. Nf4 Qd7 23. d5 Nxd5 {Ding Liren (2813)
-Corrales Jimenez,F (2559) chess.com INT 2019 1-0 (80)}) 9... Na6 $146 ({RR} 
9... a4 10. Qe2 Be6 11. Rd1 Qc8 12. e4 Bh3 13. Bh1 Nc6 14. Bf4 a3 15. bxa3 Bg4
16. Nb5 Nxd4 17. Nbxd4 e5 18. Be3 exd4 19. Bxd4 Bxd4 20. Rxd4 Rxa3 21. Rd3 Qa8
22. Qc2 Qa4 23. Qxa4 Rxa4 24. Nd2 {Machlik,E (2105)-Kaasen,T (2405) Norway NOR
2019 0-1 (58)}) ({RR} 9... a4 10. a3 Be6 11. Qe2 Bc4 12. Qc2 Bxf1 13. Kxf1 Nc6
14. Bd2 e5 15. dxe5 Nxe5 16. Nxe5 Bxe5 17. Bxb7 Rb8 18. Ba6 Qd7 19. Rd1 Qc6 20.
Qe4 Qxe4 21. Nxe4 Bxb2 22. Bb4 Rfd8 23. Rb1 Bg7 24. Be7 {Skatchkov,V (2282)
-Kalogridis,A (2316) chess.com INT 2022 0-1 (36)}) 10. Qe2 Be6 11. Rd1 Qc8 12.
d5 Bg4 13. e4 a4 14. Bd2 e6 15. h3 Bxf3 16. Qxf3 exd5 17. exd5 Nc4 18. Bf4 Nxb2
19. Rdc1 Qd7 20. Rab1 a3 21. Ne4 Qa4 22. Nc5 Nxc5 23. Rxc5 c6 24. dxc6 bxc6 25.
Rxc6 Rad8 26. Bd6 Rfe8 27. Rc7 Rd7 28. Rxd7 Qxd7 29. Bxa3 Nc4 30. Bb4 Ne5 31.
Qd5 Qxd5 32. Bxd5 Rb8 33. Be4 f5 34. Bd6 Rxb1+ 35. Bxb1 Kf7 36. f4 Nc4 37. Bb4
Ke6 38. Kf2 Kd5 39. Bc2 Kc6 40. Ba4+ Kb6 41. Ke2 Na5 42. Be8 Nc6 43. Bd6 Nd4+
44. Kd3 Ne6 45. Kc4 Kb7 46. Bf7 Nd4 47. Be5 Bxe5 48. fxe5 Ne2 49. e6 1-0

[Event "Floripa Chess Open 2024"]
[Site "Florianopolis"]
[Date "2024.01.23"]
[Round "5.40"]
[White "Ferreira, Vitor Hugo Vieira"]
[Black "Gazola, Vanessa Ramos"]
[Result "1-0"]
[WhiteElo "2128"]
[BlackElo "1921"]
[PlyCount "77"]
[EventDate "2024.01.20"]
[EventRounds "10"]
[EventCountry "BRA"]

1. d4 d5 2. c4 e6 3. Nf3 Nf6 4. Nc3 Be7 5. Bf4 O-O 6. e3 Nbd7 7. c5 c6 8. b4
Nh5 9. Bd3 Nxf4 10. exf4 b6 11. O-O bxc5 $146 ({RR} 11... a5 12. a3 Qc7 13. g3
Ba6 14. Kg2 Bf6 15. Bxa6 Rxa6 16. Qd3 Rfa8 17. b5 R6a7 18. cxb6 Nxb6 19. Rfc1
Nc4 20. Nd2 Nxd2 21. Qxd2 Rb7 22. a4 cxb5 23. Nxb5 Qe7 24. Rc5 g6 25. Rac1 Qf8
26. R1c2 {Rodshtein,M (2677)-Michalik,P (2573) Czech Republic 2015 1/2-1/2 (53)
}) ({RR} 11... Qc7 12. g3 a5 13. a3 Ba6 14. Bxa6 Rxa6 15. Qe2 Raa8 16. Na4 Bf6
17. Rfc1 b5 18. Nb2 axb4 19. axb4 Ra7 20. Nd3 Rfa8 21. Rxa7 Qxa7 22. Nde5 Bxe5
23. dxe5 Qa3 24. Rb1 Ra4 25. Qe3 Qa2 26. Qc1 {Krause,J (2366)-Gentemann,M  
(2261) Germany GER 2023 1-0 (55)}) 12. bxc5 Qa5 13. Qc2 g6 14. Nd2 Ba6 15. Rfe1
Bf6 16. Nb3 Bxd3 17. Qxd3 Qc7 18. g3 Rfb8 19. Nd2 Qa5 20. Rac1 Qa3 21. Qe3 Qa6
22. Rb1 Rxb1 23. Rxb1 Rb8 24. Rxb8+ Nxb8 25. Nf3 Nd7 26. g4 Qc4 27. Ne2 Qxa2
28. Kg2 Qc2 29. Ng3 Nf8 30. Qa3 Qc4 31. Qxa7 Bxd4 32. Ng5 Qxc5 33. Qxf7+ Kh8
34. Qe8 Kg7 35. f5 exf5 36. gxf5 Qd6 37. Qf7+ Kh6 38. h4 Qf6 39. Qg8 1-0

[Event "Floripa Chess Open 2024"]
[Site "Florianopolis"]
[Date "2024.01.23"]
[Round "5.41"]
[White "Do Nascimento, Christian Almeida"]
[Black "Bezerra, Fabiano De Oliveira"]
[Result "1-0"]
[WhiteElo "2123"]
[BlackElo "1890"]
[PlyCount "75"]
[EventDate "2024.01.20"]
[EventRounds "10"]
[EventCountry "BRA"]

1. d4 Nf6 2. c4 g6 3. Nc3 Bg7 4. e4 d6 5. f3 c6 6. Be3 O-O 7. Qd2 e5 8. Nge2
Na6 9. O-O-O ({RR} 9. g3 Be6 10. b3 Qa5 11. Bg2 b5 12. d5 cxd5 13. cxd5 Bd7 14.
O-O Nc5 15. Rfb1 b4 16. Nd1 Qb6 17. Nc1 a5 18. Nd3 Bb5 19. Nxc5 dxc5 20. Nb2
Nd7 21. a4 Ba6 22. Rc1 f5 23. Nc4 Qd8 {Nikolov,M (2550)-Georgiev,K (2325)
Primorsko BUL 2018 1-0 (42)}) 9... Qa5 ({RR} 9... Be6 10. d5 cxd5 11. cxd5 Bd7
12. Kb1 Ne8 13. g4 f5 14. gxf5 gxf5 15. Nc1 Nac7 16. Nb3 Nf6 17. Na5 Nce8 18.
Nb3 fxe4 19. fxe4 Ng4 20. Bb5 Bxb5 21. Nxb5 Nef6 22. Nc3 Nxe3 23. Qxe3 Ng4 24.
Qg3 {Sakaev,K (2500)-Dydyshko,V (2500) St Petersburg 1992 1/2-1/2 (38)}) 10.
Kb1 Re8 $146 ({RR} 10... Be6 11. d5 cxd5 12. Nxd5 Qxd2 13. Rxd2 Bxd5 14. cxd5
Rfc8 15. Nc3 Nc5 16. g3 a6 17. Bh3 Rc7 18. Rc1 b5 19. b4 Ncd7 20. Ne2 Rxc1+ 21.
Nxc1 a5 22. bxa5 Rxa5 23. Nb3 Ra4 24. Rc2 Kf8 25. Bf1 {Lehmann,H-Gereben,E
Arlesheim 1961 1-0 (31)}) ({RR} 10... b5 11. Nc1 Nc7 12. cxb5 cxb5 13. Nxb5
Qxd2 14. Rxd2 Nfe8 15. dxe5 dxe5 16. Bc5 Bb7 17. Bxf8 Bxf8 18. Nxc7 Nxc7 19.
Rd7 Rb8 20. Rxc7 Ba3 21. Nb3 {1-0 (21) Alvarez del Monte,J-Salazar,H Tel Aviv
1964}) 11. g4 Nc7 12. Nc1 Ne6 13. Nb3 Qc7 14. h4 h5 15. gxh5 Nxh5 16. Ne2 a5
17. d5 cxd5 18. cxd5 Nef4 19. Nxf4 exf4 20. Bd4 a4 21. Nc1 Bh6 22. Bb5 Bd7 23.
Bxd7 Qxd7 24. Ne2 b5 25. Bc3 Rec8 26. Nd4 Bg7 27. Nc6 Bh6 28. Rhg1 Kh7 29. e5
Ng3 30. Rde1 dxe5 31. Rxe5 Nf5 32. h5 Re8 33. hxg6+ fxg6 34. Rh1 b4 35. Bxb4
Ne3 36. Rxh6+ Kxh6 37. Qh2+ Kg7 38. Bc3 1-0

[Event "Floripa Chess Open 2024"]
[Site "Florianopolis"]
[Date "2024.01.23"]
[Round "5.42"]
[White "Ferreira, Gabriel Duque"]
[Black "Uczai, Joao Pedro Filimber"]
[Result "0-1"]
[WhiteElo "1891"]
[BlackElo "2122"]
[PlyCount "38"]
[EventDate "2024.01.20"]
[EventRounds "10"]
[EventCountry "BRA"]

1. c4 e5 2. Nc3 Nc6 3. Nf3 f5 4. d4 e4 5. Ng5 Bb4 6. Nh3 Nf6 7. e3 Bxc3+ 8.
bxc3 d6 9. Nf4 b6 10. c5 dxc5 11. Bb5 Bd7 12. Qa4 $146 ({RR} 12. Ne6 Bxe6 13.
Bxc6+ Kf7 14. Bxa8 Qxa8 15. O-O c4 16. Bd2 h5 17. f3 h4 18. h3 g5 19. Rb1 Bd5
20. f4 g4 21. Kh2 Qe8 22. Be1 a5 23. Rb2 Qe7 24. Qa4 Ke6 25. Qd1 Kd7 26. Rb5
Kc8 {Semcesen,D (2416)-Tikkanen,H (2507) Borup 2010 0-1 (57)}) ({RR} 12. O-O
Qe7 13. Ba3 Na5 14. Ba6 O-O 15. h4 Rfd8 16. Qe2 Bc8 17. dxc5 Bxa6 18. Qxa6 Qf7
19. Bb4 Qc4 20. Qxc4+ Nxc4 21. Ne6 Rd7 22. a4 a5 23. Ba3 Re8 24. Nd4 Nd5 25.
Nxf5 Nxc3 26. cxb6 cxb6 {Brown,M (2524)-Li,Z (2395) Burlingame USA 2019 1/2-1/
2 (99)}) 12... Na5 13. dxc5 Bxb5 14. Qxb5+ c6 15. Qa4 b5 16. Qb4 Nc4 17. O-O a5
18. Qb3 a4 19. Qc2 Qe7 0-1

[Event "Floripa Chess Open 2024"]
[Site "Florianopolis"]
[Date "2024.01.23"]
[Round "5.44"]
[White "Becker, Rogerio Sperb"]
[Black "Viana, Daniel Fernandes"]
[Result "1-0"]
[WhiteElo "2114"]
[BlackElo "1830"]
[PlyCount "58"]
[EventDate "2024.01.20"]
[EventRounds "10"]
[EventCountry "BRA"]

1. c4 c5 2. Nf3 Nc6 3. g3 g6 4. Bg2 Bg7 5. O-O d6 6. Nc3 e5 7. d3 Nge7 8. Rb1
O-O 9. Ne1 Be6 10. Nd5 Rb8 11. Nc2 b5 12. Bg5 f6 13. Bd2 Qd7 $146 ({RR} 13...
bxc4 14. dxc4 a5 15. Nce3 {1/2-1/2 (15) Raineri de Luca,P (2233)-Castellet
Giralt,G (2196) Barcelona 2016}) 14. Nce3 Bh3 15. cxb5 Rxb5 16. Bxh3 Qxh3 17.
Nxe7+ Nxe7 18. Qa4 Qd7 19. Qc4+ Kh8 20. Nd5 Nxd5 21. Qxd5 Rc8 22. Rfc1 c4 23.
Qf3 d5 24. dxc4 dxc4 25. Bc3 Rd5 26. e4 Rd3 27. Qe2 Bh6 28. Rc2 Rd8 29. Qe1 Qa4
1-0

[Event "Floripa Chess Open 2024"]
[Site "Florianopolis"]
[Date "2024.01.23"]
[Round "5.45"]
[White "Pereira, Arthur Macedo"]
[Black "Delgado, Lidio Dias"]
[Result "1/2-1/2"]
[WhiteElo "1764"]
[BlackElo "2110"]
[PlyCount "41"]
[EventDate "2024.01.20"]
[EventRounds "10"]
[EventCountry "BRA"]

1. Nf3 {Lutz,C} d5 2. e3 Nf6 3. c4 e6 4. b3 Bd6 5. Bb2 O-O 6. Nc3 c6 7. d4 Nbd7
8. Qc2 Qe7 9. Bd3 a6 ({RR} 9... e5 10. cxd5 cxd5 11. dxe5 Nxe5 12. Nxe5 Bxe5
13. O-O Be6 14. Ne2 Rac8 15. Qd2 Bxb2 16. Qxb2 Rc7 17. Rac1 Rfc8 18. Rxc7 Rxc7
19. Rc1 h6 20. f3 b6 21. Rxc7 Qxc7 22. Qc3 Qe7 ({RR} 22... Qxc3 23. Nxc3) 23.
Kf2 Qa3 24. Bb1 {Gelfand,B (2692)-Shirov,A (2751) Monte Carlo 2000 CBM 076  
[Lutz,C] 1/2-1/2 (35)}) ({RR} 9... Re8 10. e4 e5 ({RR} 10... dxc4) 11. cxd5
cxd5 12. O-O) 10. O-O e5 11. cxd5 cxd5 12. dxe5 $146 ({RR} 12. e4 exd4 13. Nxd5
Nxd5 14. exd5 Ne5 15. Bxh7+ Kh8 16. Nxe5 Qxe5 17. f4 Qxd5 18. Be4 Qc5 19. Qf2
d3 20. Bd4 Qh5 21. Rad1 Bf5 22. Bxb7 Rae8 23. Bxg7+ Kxg7 24. Qd4+ Kh7 25. Qxd6
Rg8 26. Bf3 Re2 {Gagunashvili,M (2588)-Raja,H (2340) Subic Bay 2016 0-1 (37)})
12... Nxe5 13. Be2 Nc6 14. Rfd1 Rd8 15. Rac1 Bg4 16. Nd4 Nxd4 17. Rxd4 Be6 18.
Bf3 Be5 19. Rdd1 Rac8 20. Qb1 Rc7 21. Ne2 1/2-1/2

[Event "Floripa Chess Open 2024"]
[Site "Florianopolis"]
[Date "2024.01.23"]
[Round "5.46"]
[White "Cueto, Jonny"]
[Black "Da Cruz, Karoliny Taiane"]
[Result "1-0"]
[WhiteElo "2108"]
[BlackElo "1774"]
[PlyCount "41"]
[EventDate "2024.01.20"]
[EventRounds "10"]
[EventCountry "BRA"]

1. e4 e5 2. Nf3 Nc6 3. Bc4 Bc5 4. c3 Nf6 5. d4 exd4 6. cxd4 Bb4+ 7. Nc3 Nxe4 8.
O-O Bxc3 9. d5 Bf6 10. Re1 Ne7 11. Rxe4 d6 12. Bg5 Bxg5 13. Nxg5 h6 14. Qh5 g6
15. Qh4 Bf5 16. Re3 Kf8 17. Qd4 Kg8 18. Qxh8+ Kxh8 $146 19. Nxf7+ Kg8 20. Nxd8
Rxd8 21. Rxe7 1-0

[Event "Floripa Chess Open 2024"]
[Site "Florianopolis"]
[Date "2024.01.23"]
[Round "5.47"]
[White "Volkmann, Andre Jordi"]
[Black "Mariot Vaz, Joao Antonio Bertol"]
[Result "1-0"]
[WhiteElo "2083"]
[BlackElo "1772"]
[PlyCount "89"]
[EventDate "2024.01.20"]
[EventRounds "10"]
[EventCountry "BRA"]

1. d4 Nf6 2. c4 c5 3. d5 e6 4. Nc3 exd5 5. cxd5 d6 6. e4 g6 7. f4 Bg7 8. Bb5+
Nfd7 9. Nf3 O-O 10. a4 Na6 11. O-O Nc7 12. Bd3 b6 13. Re1 ({RR} 13. f5 Ba6 14.
Bg5 Qc8 15. Be7 Bxd3 16. Qxd3 Ne5 17. Nxe5 Bxe5 18. Bxf8 Qxf8 19. fxg6 hxg6 20.
Rf3 Qh6 21. Rh3 Qg5 22. Rf1 Re8 23. Qf3 Re7 24. Kh1 Qd2 25. Qg4 Qxb2 26. Qc8+
Ne8 27. Qd8 Bf6 {Senft,S (2089)-Kochiev,I (2053) chess.com INT 2023 1-0 (40)})
13... Re8 14. Nb5 Nxb5 15. Bxb5 Qc7 $146 ({RR} 15... Bb7 16. Qb3 Re7 17. Bd2 a6
18. Bc4 Qe8 19. e5 Qf8 20. e6 Nf6 21. Ng5 fxe6 22. Nxe6 Qe8 23. Qxb6 Bxd5 24.
Nc7 Rxe1+ 25. Rxe1 {1-0 (25) Palacios Perez,M (2173)-Menendez Solar,J (1900)
Fuengirola 2005}) 16. e5 a6 17. Bc4 Bb7 18. Qb3 Re7 19. Ng5 Rae8 20. Bd2 b5 21.
axb5 axb5 22. Qxb5 dxe5 23. Ba5 Qb8 24. Nxf7 Rxf7 25. d6 Bc8 26. Bxf7+ Kxf7 27.
Qc4+ Kf8 28. fxe5 Nxe5 29. Rf1+ Bf5 30. Qd5 Bf6 31. Bc3 Kg7 32. Qxc5 Re6 33.
Ra7+ Kg8 34. d7 Bd8 35. Bd4 Nc6 36. Qd5 Nxd4 37. Ra8 Qb6 38. Rxd8+ Qxd8 39.
Qxd4 h5 40. Qd5 Kf7 41. h3 h4 42. Rc1 Qb6+ 43. Kh1 Ke7 44. Rd1 Rd6 45. Qxd6+
1-0

[Event "Floripa Chess Open 2024"]
[Site "Florianopolis"]
[Date "2024.01.23"]
[Round "5.48"]
[White "Branco, Joao Pedro Belaglov"]
[Black "Silva, Caio Henrique Angel"]
[Result "1/2-1/2"]
[WhiteElo "1778"]
[BlackElo "2074"]
[PlyCount "48"]
[EventDate "2024.01.20"]
[EventRounds "10"]
[EventCountry "BRA"]

1. e4 c6 2. Nc3 d5 3. Nf3 Bg4 4. h3 Bxf3 5. Qxf3 e6 6. d4 Nf6 7. Bg5 Be7 8.
exd5 ({RR} 8. e5 Nfd7 9. Bxe7 Qxe7 10. O-O-O O-O 11. Qe3 c5 12. f4 Nc6 13. Ne2
Rac8 14. Kb1 a6 15. g4 cxd4 16. Nxd4 Nxd4 17. Qxd4 Rc6 18. c4 Nb6 19. cxd5 Nxd5
20. Bg2 Rc5 21. Rc1 Rb5 22. f5 Rb4 {Inarkiev,E (2660)-Riazantsev,A (2646) St
Petersburg 2015 0-1 (56)}) ({RR} 8. O-O-O dxe4 9. Nxe4 Nxe4 10. Bxe7 Qxe7 11.
Qxe4 Nd7 12. Bc4 Nf6 13. Qe2 O-O-O 14. Rhe1 Qd6 15. g3 c5 16. dxc5 Qxc5 17. Bb3
Rxd1+ 18. Rxd1 Rd8 19. Qc4 Qxc4 20. Bxc4 Ne4 21. Rxd8+ Kxd8 22. Bd3 Nxf2 {
Danielyan,V (2307)-Silva,C (2090) chess.com INT 2022 0-1 (43)}) 8... cxd5 9.
Bd3 Nc6 10. Ne2 ({RR} 10. Be3 O-O 11. g4 Qb6 12. g5 Nd7 13. O-O-O Rac8 14. h4
Nb4 15. h5 Nxd3+ 16. Rxd3 Bb4 17. Bd2 Qc7 18. Qh3 Nb6 19. g6 Nc4 20. h6 fxg6
21. hxg7 Qxg7 22. Qxe6+ Qf7 23. Qh3 Nxd2 24. Rxd2 Bxc3 {Akhmedinov,S (2026)
-Budrewicz,K (2184) chess.com INT 2023 1-0 (37)}) 10... O-O $146 ({RR} 10...
Qb6 11. O-O O-O 12. c3 Qxb2 13. Rfb1 Qa3 14. Rxb7 Rab8 15. Rxe7 Qxe7 16. Ng3 h6
17. Bd2 Rb2 18. Bf4 Re8 19. a4 Qb7 20. Bxh6 Ne7 21. Bg5 Nf5 22. Nxf5 exf5 23.
Qxf5 Ne4 24. Be3 a6 25. Re1 {Veiga,J (2389)-Harsha,B (2572) chess.com INT 2022
1-0}) 11. O-O Ne8 12. Bf4 Bd6 13. c3 Bxf4 14. Nxf4 Nd6 15. Rfe1 Qg5 16. b4 Rac8
17. b5 Na5 18. Re5 Qf6 19. Qg3 Nac4 20. Nh5 Qh6 21. Nxg7 Kh8 22. Rh5 Qxg7 23.
Rxh7+ Qxh7 24. Bxh7 Kxh7 $11 1/2-1/2

[Event "Floripa Chess Open 2024"]
[Site "Florianopolis"]
[Date "2024.01.23"]
[Round "5.49"]
[White "Dias, Clara"]
[Black "Curi, Gabriel"]
[Result "0-1"]
[WhiteElo "1717"]
[BlackElo "2069"]
[PlyCount "130"]
[EventDate "2024.01.20"]
[EventRounds "10"]
[EventCountry "BRA"]

1. e4 e6 2. d4 d5 3. Nc3 Bb4 4. e5 Ne7 5. Bd2 b6 6. h4 Bxc3 7. Bxc3 Ba6 8. Bxa6
Nxa6 9. h5 ({RR} 9. Qe2 Qc8 10. h5 h6 11. f4 c5 12. Nf3 c4 13. a4 Qc6 14. g4
Kd7 15. Nh4 g6 16. Ng2 Kc7 17. Kd2 Kb7 18. Rh3 Rac8 19. Qf3 Qd7 20. Ke2 Nb8 21.
Ne3 Nbc6 22. hxg6 fxg6 23. Qh1 a6 {Zawadzka,J (2350)-Socko,M (2440) Warsaw POL
2023 0-1 (51)}) 9... h6 10. Qg4 Nf5 $146 ({RR} 10... O-O 11. Bd2 Kh8 12. Qe2
Qc8 13. Nf3 c5 14. g4 cxd4 15. Nxd4 Qc4 16. Qxc4 dxc4 17. Nb5 Rfc8 18. Nd6 Rc5
19. O-O-O Rf8 20. g5 Kh7 21. gxh6 gxh6 22. Ne4 Rcc8 23. Nf6+ Kh8 24. Bxh6 Rfd8
25. Bg5 {Naiditsch,A (2716)-Sebenik,M (2524) Sarajevo 2011 1-0}) 11. Qe2 Nb8
12. g4 Ne7 13. Nf3 c5 14. dxc5 bxc5 15. O-O-O Nbc6 16. Be1 Qb6 17. c3 Rb8 18.
g5 Nf5 19. Rg1 Nce7 20. Qc2 hxg5 21. Rxg5 Kd7 22. c4 d4 23. Nd2 Qc7 24. Qa4+
Kc8 25. Qa6+ Rb7 26. Nb3 Kb8 27. Qa5 Qxa5 28. Nxa5 Rc7 29. Rd3 f6 30. exf6 gxf6
31. Rg1 Rxh5 32. Rb3+ Kc8 33. Rb5 Nd6 34. Rb3 e5 35. Rbg3 Rh7 36. Kc2 Kd7 37.
f3 Rh2+ 38. Bd2 Ndf5 39. R3g2 Rxg2 40. Rxg2 Ke6 41. Re2 Nd6 42. Rh2 Rc8 43. Kd3
f5 44. Rh6+ Kd7 45. Bg5 e4+ 46. fxe4 fxe4+ 47. Ke2 Nef5 48. Rh7+ Ke6 49. Bf4
Rg8 50. Rh2 Rg4 51. Bxd6 Kxd6 52. Nb7+ Kc6 53. Nd8+ Kb6 54. Nf7 Ng3+ 55. Kf2
Rf4+ 56. Kxg3 Rxf7 57. a3 Rf6 58. Rf2 Rxf2 59. Kxf2 a5 60. Kg3 a4 61. Kf4 e3
62. Kf3 Kc6 63. Ke2 Kd6 64. Kd3 Ke5 65. b4 axb3 0-1